Sports Quiz

Random Sports Quiz

MN Twins 1st round Draft Picks Quiz Stats

Quiz not verified by Sporcle

Challenge
Share
Tweet
Embed
Score 0/70 Timer 20:00
0 Plays Today
Hint Answer % Correct
2001Joe Mauer
88.5%
2012Byron Buxton
84.6%
1993Torii Hunter
65.4%
2002Denard Span
65.4%
2008 Pick #3Shooter Hunt
65.4%
1989Chuck Knoblauch
61.5%
1997Michael Cuddyer
61.5%
2014Nick Gordon
61.5%
2009Kyle Gibson
57.7%
2004 Pick #2Glen Perkins
53.8%
2007Ben Revere
53.8%
2000Adam Johnson
46.2%
2006Chris Parmelee
46.2%
1991Dave McCarty
42.3%
1994Todd Walker
42.3%
2004Trevor Plouffe
42.3%
2013Kohl Stewart
42.3%
2008Aaron Hicks
38.5%
1966 Bob Jones
34.6%
1992Dan Serafini
34.6%
2005Matt Garza
34.6%
1987Willie Banks
30.8%
1997 Pick #2Matt Lecroy
30.8%
2012 Pick #2Jose Berrios
30.8%
1990Todd Ritchie
26.9%
1993 Pick #2Jason Varitek
26.9%
2011Levi Michael
26.9%
1991 Pick #2Scott Stahoviak
23.1%
2004 Pick #3Steven Waldrop
23.1%
1976Jamie Allen
19.2%
1983Tim Belcher
19.2%
1986Derek Parks
19.2%
1988Johnny Ard
19.2%
1999BJ Garbe
19.2%
2003Matthew Moses
19.2%
Hint Answer % Correct
2010Alex Wimmers
19.2%
1980Jeff Reed
15.4%
1994 Pick #2Travis MIller
15.4%
1995Mark Redman
11.5%
2004 Pick #5Jay Rainville
11.5%
2008 Pick #2Carlos Gutierrez
11.5%
2012 Pick #3Luke Bard
11.5%
1965Eddie Leon
7.7%
1967Steve Brye
7.7%
1971Dale Soderholm
7.7%
1975Rick Sofield
7.7%
1984Jay Bell
7.7%
1990 Pick #2Midre Cummings
7.7%
1996Travis Lee
7.7%
1998Ryan Mills
7.7%
2009 Pick #2Matthew Bashore
7.7%
2011 Pick #2Travis Harrison
7.7%
2011 Pick #3Hudson Boyd
7.7%
1968Alex Rowell
3.8%
1969Paul Powell
3.8%
1970Bob Gorinski
3.8%
1972Dick Ruthven
3.8%
1973Eddie Bane
3.8%
1974Ted Shipley
3.8%
1977Paul Croft
3.8%
1978Lenny Faedo
3.8%
1979Kevin Brandt
3.8%
1981Mike Sodders
3.8%
1982Bryan Oelkers
3.8%
1985Jeff Bumgarner
3.8%
1993 Pick #3Marc Barcelo
3.8%
1993 Pick #4Kelcey Mucker
3.8%
2000 Pick #2Aaron Heilman
3.8%
2004 Pick #4Matthew Fox
3.8%
2005 Pick #2Henry Sanchez
3.8%

You're not logged in!

Compare scores with friends on all Sporcle quizzes.
Join for Free
OR
Log In

You Might Also Like...

Show Comments

Extras

Top Quizzes Today


Score Distribution

Your Account Isn't Verified!

In order to create a playlist on Sporcle, you need to verify the email address you used during registration. Go to your Sporcle Settings to finish the process.

Report this User

Report this user for behavior that violates our Community Guidelines.

Details: